| 000 | 00592nam a22002177a 4500 | ||
|---|---|---|---|
| 999 |
_c172219 _d172219 |
||
| 005 | 20200129145442.0 | ||
| 010 | _aA-333730 | ||
| 020 | _c50.00 | ||
| 035 | _aA-333730 | ||
| 037 | _bCen Lib/Ret | ||
| 082 | _a847.09 | ||
| 245 |
_aطنز و مزاح / _cطاھر تونسوی |
||
| 246 |
_aTanz-O-Mizah (Urdu) / _bby Tahir Tonasvi |
||
| 260 |
_b- _a- _c1986 ء |
||
| 300 |
_a163p. _c20cm(Hb) |
||
| 650 | _aادب -- اردو | ||
| 650 | _aاردو ڈرامے | ||
| 650 | _aLiterature -- Hindi | ||
| 650 | _aUrdu drame | ||
| 942 |
_2ddc _cUR _h847.09 _mط ن ز |
||